000 00304nam a2200121Ia 4500
008 190722s9999 xx 000 0 und d
020 _a978-5913-866-0
100 _aPankaj Ghemawat
245 0 _aRedefining Global Strategy
260 _aAmerica
_bHBR Business School
_c2007
300 _a257
942 _cBK
999 _c513
_d513